Normal view
MARC view
Entry Nombre corporativo
001 - NÚMERO DE CONTROL
- campo de control: 6023
003 - IDENTIFICADOR DEL NÚMERO DE CONTROL
- campo de control: BNPHU
005 - FECHA Y HORA DE LA ÚLTIMA TRANSACCIÓN
- campo de control: 20250307114820.0
008 - DATOS DE LONGITUD FIJA
- campo de control de longitud fija: 200615|| aca||aabn | a|a d
040 ## - FUENTE DE LA CATALOGACIÓN
- Centro catalogador/agencia de origen: DO-SdBNP
- Lengua de catalogación: spa
- Centro/agencia transcriptor: BNPHU
- Normas de descripción: rda
110 2# - ENCABEZAMIENTO-NOMBRE DE ENTIDAD CORPORATIVA
- Nombre de entidad corporativa o nombre de jurisdicción como elemento de entrada: Centro de Estudios Monetarios y Bancarios (Santo Domingo, República Dominica)
410 2# - TRAZADO DE VÉASE--NOMBRE DE ENTIDAD CORPORATIVA
- Nombre de entidad corporativa o nombre de jurisdicción como elemento de entrada: CEMYB
410 2# - TRAZADO DE VÉASE--NOMBRE DE ENTIDAD CORPORATIVA
- Nombre de entidad corporativa o nombre de jurisdicción como elemento de entrada: C.E.M.Y.B.
670 ## - FUENTE DE DATOS ENCONTRADOS
- Cita de la fuente: Work cat.: (OSt)1728: Mercado financiero no regulado /, 1986.
670 ## - FUENTE DE DATOS ENCONTRADOS
- Cita de la fuente: Serie Conferencias ... ; 2 (ser. x-ref.) Periche, F. Políticas de encaje legal, 1982:
- Información encontrada: portada (Centro de Estudios Monetarios y Bancarios; Santo Domingo, República Dominicana) pref. (CEMYB)
670 ## - FUENTE DE DATOS ENCONTRADOS
- Identificador Uniforme del Recurso: https://authorities.loc.gov/cgi-bin/Pwebrecon.cgi?AuthRecID=563153&v1=1&HC=1&SEQ=20250307114026&PID=tEmXKWLtjq7H_99ARK0deGFlPZf9 Consultado en 07 de marzo, 2025
